Apprendre jours + mois en néerlandais - Statistiques

Statistiques générales
  • Ce quiz a été pris 61 fois
  • Le résultat moyen est 15 sur 19
Statistiques - réponses
Français Néerlandais % Correct
Lundi Maandag
95%
Décembre December
86%
Novembre November
86%
Septembre September
86%
Dimanche Zondag
86%
Avril April
83%
Mardi Dinsdag
83%
Vendredi Vrijdag
83%
Février Februari
81%
Janvier Januari
81%
Juin Juni
81%
Octobre Oktober
81%
Juillet Juli
79%
Samedi Zaterdag
76%
Août Augustus
74%
Jeudi Donderdag
74%
Mai Mei
74%
Mercredi Woensdag
74%
Mars Maart
69%
Aucun quiz correspondant
Distribution des résultats
% des personnes avec chaque résultat
Percentile par nombre de réponses
Votre historique - résultats
Vous n’avez pas pris ce quiz